| 000 | 01114nam a2200241 a 4500 | ||
|---|---|---|---|
| 001 | 000046374 | ||
| 005 | 20201002052826.0 | ||
| 008 | 150806s1999 dr a 000 0 spa d | ||
| 040 |
_aDO-SdBNP _bspa _cBNPHU |
||
| 082 |
_axxxx _bF418i |
||
| 111 | 2 |
_aFestival internacional de Cine _n(1er.: _d1999 jul. 8-18 : _cSanto Domingo) _974404 |
|
| 245 | 1 | 0 |
_a1er. Festival internacional de cine de Santo Domingo. / _ctextos Arturo Rodríguez Fernández, Lidia Bastos ; traducción Sócrates Mc Kinney...[et.al]. |
| 246 | 1 | 0 | _aPrimer Festival internacional de cine de Santo Domingo. |
| 260 |
_aSanto Domingo; : _bFestival Internacional de Cine de Santo Domingo, _c1999. |
||
| 300 |
_a77 p. : _bil. ; _c22 cm. |
||
| 590 | _aPerteneció a la biblioteca personal de Chiqui Vicioso/Fidelio Despradel | ||
| 500 | _aA presentarse en el Palacio del Cine y Cine Lumiére. | ||
| 700 | 1 | 2 |
_aRodríguez Fernández, Arturo _etextos _937878 |
| 700 | 1 | 2 |
_aBastos, Lidia _etextos _974280 |
| 700 | 1 | 2 |
_aMc Kinney, Sócrates _eil. _974405 |
| 700 | 1 | 2 |
_aRodríguez Fernández, Arturo _eil. _937878 |
| 700 | 1 | 2 |
_aElías, Carlos Francisco _eil. _957656 |
| 999 |
_c45863 _d45863 |
||